| 000 | 00573nam a2200217Ia 4500 | ||
|---|---|---|---|
| 005 | 20250508160425.0 | ||
| 008 | 008 250505s9999 xx 000 0 eng d | ||
| 037 | _aTextBook | ||
| 040 |
_aFEDL _beng _cFEDL |
||
| 041 |
_aeng _2eng |
||
| 084 |
_a001.42, TRA _qFEDL |
||
| 100 |
_aTraler's R M W _9768460 |
||
| 245 | 0 | _aIntroduction to educational research | |
| 250 | _a3 | ||
| 260 |
_aNew York, USA _bMacmillan |
||
| 300 | _axxi,450p | ||
| 365 |
_aINR _b59.24 |
||
| 650 | _aResearch-Education | ||
| 942 |
_cTB _h001.42, TRA |
||
| 999 |
_c1364515 _d1364515 |
||